<?xml version="1.0" encoding="UTF-8"?>
<collection xmlns="http://www.loc.gov/MARC21/slim">
 <record>
  <leader>00597pamaa2200181   4500</leader>
  <controlfield tag="001">0000021602</controlfield>
  <controlfield tag="005">20061120090000.0</controlfield>
  <datafield tag="020" ind1="0" ind2="0">
   <subfield code="a">0521361656 (hard) </subfield>
  </datafield>
  <datafield tag="090" ind1="0" ind2="0">
   <subfield code="a">PR468.C65 </subfield>
   <subfield code="b">HEL 1988</subfield>
  </datafield>
  <datafield tag="100" ind1="1" ind2="0">
   <subfield code="a">HELMLING </subfield>
  </datafield>
  <datafield tag="245" ind1="1" ind2="4">
   <subfield code="a">The esoteric comedies of  Carlyle, Newman, and Yeats  </subfield>
   <subfield code="c">Steven Helmling.</subfield>
  </datafield>
  <datafield tag="260" ind1="0" ind2="0">
   <subfield code="a">Cambridge: </subfield>
   <subfield code="b">C.U.P., </subfield>
   <subfield code="c">1988.</subfield>
  </datafield>
  <datafield tag="300" ind1=" " ind2=" ">
   <subfield code="a">xi, 273p.; </subfield>
   <subfield code="c">22cm.</subfield>
  </datafield>
  <datafield tag="600" ind1="1" ind2="0">
   <subfield code="a">Carlyle, Thomas, 1796-1881</subfield>
  </datafield>
  <datafield tag="600" ind1="1" ind2="0">
   <subfield code="a">Newman, John Henry, 1801-1890</subfield>
  </datafield>
  <datafield tag="600" ind1="1" ind2="0">
   <subfield code="a">Yeats, W.B., 1865-1939</subfield>
  </datafield>
  <datafield tag="650" ind1="0" ind2="0">
   <subfield code="a">Comic, The, in literature </subfield>
  </datafield>
  <datafield tag="650" ind1="0" ind2="0">
   <subfield code="a">English literature -- </subfield>
   <subfield code="x">History and criticism -- </subfield>
   <subfield code="y">19th century </subfield>
  </datafield>
 </record>
</collection>
